Strategies de l`analyse statistique: course et aide-memoire a l`intention des professeurs en formation

Zapisane w:
Opis bibliograficzny
1. autor: Brousseau, Guy (Autor)
Format: Książka
Język:francuski
Wydane: Talence Universite Bordeaux 1993
Hasła przedmiotowe:
Etykiety: Dodaj etykietę
Nie ma etykietki, Dołącz pierwszą etykiete!

MARC

LEADER 00000nam a2200000 a 4500
001 UCY1113
003 CL-VaPUC
008 940820e19930000FR |||||||||||||||||fre|d
082 0 4 |a 510.535  |b BRO  |2 21 
100 0 |a Brousseau, Guy  |e author  |9 329005 
245 1 0 |a Strategies de l`analyse statistique: course et aide-memoire a l`intention des professeurs en formation 
300 |a 84 p 
942 |c BK 
945 |d 19940820 00:00:00  |a mfernand 
260 |a Talence  |b Universite Bordeaux  |c 1993 
650 0 |a Análisis estadístico multivariante  |9 260011 
583 |a last modification  |c 19940820 00:00:00  |k Rodrigo Vera 
999 |c 229911  |d 229909 
952 |0 0  |1 0  |4 0  |6 510_535000000000000_BRO_1993  |7 0  |8 A  |9 231634  |a BIBMAT  |b BIBMAT  |d 2019-11-15  |i 2945665  |o 510.535 BRO 1993  |p 2945665  |r 2025-01-07  |w 2019-11-15  |y BK  |k MAT 
952 |0 0  |1 0  |4 0  |6 510_535000000000000_BRO_1993  |7 0  |8 A  |9 231635  |a BIBMAT  |b BIBMAT  |d 2019-11-15  |i 2945673  |o 510.535 BRO 1993  |p 2945673  |r 2025-01-07  |w 2019-11-15  |y BK  |k MAT 
952 |0 0  |1 0  |4 0  |6 510_535000000000000_BRO_1993  |7 0  |8 A  |9 231636  |a BIBMAT  |b BIBMAT  |d 2019-11-15  |i 3163458  |o 510.535 BRO 1993  |p 3163458  |r 2025-01-07  |w 2019-11-15  |y BK  |k MAT